Kent eylem planı (Record no. 3144)

MARC details
000 -BAŞLIK
Sabit Uzunlukta Kontrol Alanı 00928na a2200241 4500
001 - KONTROL NUMARASI
Denetim Alanı 16693
003 - KONTROL NUMARASI IDENTIFIER
Denetim Alanı MIRAKIL
005 - SON İŞLEM TARİHİ VE ZAMANI
Denetim Alanı 20181213154922.0
008 - SABİT-BOY VERİ ELEMANLARI - GENEL BİLGİLER
Sabit Uzunlukta Kontrol Alanı 161012b tu 000 0
035 ## - SİSTEM KONTROL NUMARASI
Sistem Kontrol Numarası 16693
040 ## - KATALOGLAMA KAYNAK
Orijinal Kataloglama Ajansı Milas
Kataloglama Dili tur
Metne Dönüştürmek Ajansı TR-AnCHP
041 ## - DİL KODU
Metin / Ses Parça Veya Ayrı Başlığın Dil Kodu tur
082 ## - DEWEY ONLU SINIFLANDIRMA NUMARASI
Sınıflandırma Numarası 307.760956221
Ürün Numarası K35 2009
090 ## - SINIFLAMA NUMARASI
Sınıflama Numarası 307.760956221 K35 2009
245 ## - BAŞLIK TABLOSU
Başlık Kent eylem planı
Başlığın Kalan ancak seninle birlikte
-- (Çanakkale kentinin vizyonu, ilke ve değerleri, misyonu çalışma alanları ve konuları eylem planları)
Sorumluluk Tablosu, Vb Çanakkale Kent Konseyi
246 ## - UNVAN FORM VARYING
Başlık Doğru / Kısa Başlığı Çanakkale kentinin vizyonu, ilke ve değerleri, misyonu çalışma alanları ve konuları eylem planları
260 ## - YAYIN, DAĞITIM, VB
Yayın, Dağıtım, Vb Yeri Çanakkale
Yayıncı, Dağıtıcı, Vs Adı Çanakkale Kent Konseyi yayınları
Yayın, Dağıtım, Vb Tarihi 2009
300 ## - FİZİKSEL TANIM
Kapsam 208 s.
Boyutlar 30 sm.
440 ## - SERİSİ TABLOSU / KATMA GİRİŞİ - BAŞLIK
Başlık Çanakkale Kent Konseyi Yayınları
Hacim / Ardışık Tanımı 16
610 ## - KONU KATMA GİRİŞ - TOPLANTI ADI
Giriş Elemanı Olarak Kurumsal Ad Veya Yargı Alanı Adı Çanakkale Kent Konseyi
Genel Alt Bölüm Eylem planı
650 ## - KONU KATMA GİRİŞ - TOPİKAL DÖNEM
Topikal Süreli Veya Coğrafi Ad Giriş Elemanı Kent sosyolojisi
Coğrafi Alt Bölümü Çanakkale
942 ## - EKLENDİ GİRİŞ ELEMANLARI (KOHA)
Sınıflandırma Veya Raf Düzeni Kaynak Dewey Decimal Classification
Koha Öğesi Türü Books
999 ## - SİSTEM KONTROL NUMARALARI (KOHA)
Koha Biblionumber 3144
Koha Biblioitemnumber 3144
Holdings
Kalıcı Konum Mevcut Konum Edinme Tarihi Edinim Kaynak Toplam Check-Out'Lar Tam Çağrı Numarası Barkod Tarih Son Görülme İtibaren Geçerli Fiyatlar Koha Öğesi Türü Kopya Sayısı
CHP Kütüphanesi CHP Kütüphanesi 10/10/2016 Bağış   307.760956221 K35 2009 006827 10/10/2016 10/10/2016 Books  
CHP Kütüphanesi CHP Kütüphanesi 10/10/2016 Bağış   307.760956221 K35 2009 006828 10/10/2016 10/10/2016 Books k.2